Equipe Type d'Inazuma Eleven S2 - Statistiques

Statistiques générales
  • Ce quiz a été pris 400 fois
  • Le résultat moyen est 11 sur 16
Statistiques - réponses
Postes Club Nom % Correct
DC Alpin Shawn Froste
97%
GK Raimon Mark Evans
93%
MD Prominence Claude Beacons
83%
BU Raimon Axel Blaze
81%
MC Raimon Jude Sharp
79%
DC Mary Times Memorial Hurley Kane
78%
MOC Genesis Xene
78%
MC Genesis Bellatrix
77%
BU Epsilon Dave Quagmire
76%
MC Tempête des Gémeaux Jordan Greenway
74%
BU Epsilon Zeke Valanche
74%
MC Nouvelle Royal Academy Caleb Stonewall
66%
GK Genesis Nero
62%
MG Diamond Dust Bryce Withingale
56%
DC Empereurs Noirs Malcom Night
30%
DC Empereurs Noirs Shadow
23%
Aucun quiz correspondant
Distribution des résultats
% des personnes avec chaque résultat
Percentile par nombre de réponses
Votre historique - résultats
Vous n’avez pas pris ce quiz